Orfografičeskij slovar russkogo jazyka : 106 000 slov
Gespeichert in:
| Format: | Buch |
|---|---|
| Sprache: | Russisch |
| Veröffentlicht: |
Moskva :
Russkij jazyk,
1987
|
| Ausgabe: | 25.stereotip.izd. |
| Schlagworte: | |
| Tags: |
Keine Tags, Fügen Sie das erste Tag hinzu!
|
MARC
| LEADER | 00000nam a22000003a 4500 | ||
|---|---|---|---|
| 001 | stu40195 | ||
| 005 | 20141122045112.6 | ||
| 008 | 930406s1987----xxr-----------------rus-d | ||
| 040 | |a STU |b slo | ||
| 041 | 0 | |a rus | |
| 044 | |a xxr | ||
| 080 | |a 808.2-1/-8(038) | ||
| 245 | |a Orfografičeskij slovar russkogo jazyka : |b 106 000 slov | ||
| 250 | |a 25.stereotip.izd. | ||
| 260 | |a Moskva : |b Russkij jazyk, |c 1987 | ||
| 300 | |a 397 s | ||
| 650 | 7 | |a Slovníky orfografické ruské |2 stusub | |
| 996 | |b 284M014969 |c M*2723-1 |l MMKN |s A |a 24 |w stu40195_0001 | ||